01659nam a2200301 a 450000100080000000500110000800800410001910000270006024501630008726001830025030000160043352005770044965000280102665000220105465000250107665000200110165000200112165000140114165000100115565000290116565000260119465000260122065300220124665300130126865300210128165300290130265300260133114920962026-02-23 1996 bl uuuu u00u1 u #d1 aOLIVEIRA, M. V. N. d'. aRegeneração artificial de mogno (Swietenia macrophylla King), em clareiras e trilhas de arraste de exploração florestal mecanizada.h[electronic resource] aIn: CONGRESSO INTERNACIONAL DE COMPENSADO E MADEIRA TROPICAL, 2.; FEIRA DE MÁQUINAS E PRODUTOS DO SETOR MADEIREIRO, 1., 1994, Belém, PA. Anais... Rio de Janeiro: SENAI/DNc1996 ap. 287-296. aUma das questões que têm sido apresentadas para o manejo de florestas nativas, é como promover a regeneração natural de espécies com elevado valor de mercado, de forma a garantir a manutenção das suas populações e a preservação da sua variabilidade genética. A utilização de regeneração artificial é fortemente limitada por fatores econômicos e mão-de-obra. O objetivo deste trabalho foi de propor uma técnica para intervir no processo de recomposição da regeneração da floresta após a exploração, de forma viável do ponto de vista econômico. aArtificial regeneration aForest management aNatural regeneration aPrimary forests aFloresta Nativa aMeliaceae aMogno aRegeneração Artificial aRegeneração Natural aSwietenia Macrophylla aBosques primarios aMahogany aManejo florestal aRegeneración artificial aRegeneración natural